| 000 | 00966nam a2200253Ia 4500 | ||
|---|---|---|---|
| 008 | 130821s2009 sp ao gr spa | ||
| 020 | _a9788466641890 | ||
| 040 |
_aCo-BoUCM _bspa |
||
| 041 | 0 | 0 | _aspa |
| 100 | 1 |
_aHoss Rudolf _9168102 |
|
| 245 | 1 | 0 |
_aYo, comandante de Auschwitz _cRudolf Höss ; introducción de Primo Levi ; traducción de Juan Esteban Fassio |
| 260 |
_aBarcelona (España) _bEdiciones B _c2009 |
||
| 300 |
_a292 páginas _bfotografías |
||
| 500 | _aIncluye índice | ||
| 650 | 0 | 4 |
_aCriminales de guerra _zAlemania _912149 |
| 650 | 0 | 4 |
_aGuerra Mundial II, 1939 -1945 _xPrisioneros y prisiones _zAlemania _9168103 |
| 650 | 0 | 4 |
_aHistoria de Europa _926509 |
| 651 |
_aCampo de concentración de Auschwitz (Polonia) _926841 |
||
| 700 | 1 |
_aFassio, Juan Esteban _etrad. _9168104 |
|
| 700 | 1 |
_aLevi, Primo _92120 |
|
| 765 | 0 | _tKommandant in auschitz | |
| 942 |
_cLIBRO _a21 _e1 _mH873c _2DEWEY _h940.547243 |
||
| 999 |
_c71929 _d71929 |
||